Marcela Antošová: Dominik Tatarka v kontexte existencializmu

Bibliographic Details
Main Author: Gallik, Ján, 1983- (Author)
Format: Article
Language:Slovak
ISSN:1335-7786
Subjects:

MARC

LEADER 00000nab a2200000 a 4500
001 vtls010466831
003 SK-MaSNL
005 20260304184041.0
008 250708c2012 xo ||||||||||||00 b|slo
015 |a SNBRB2012/11  |2 snkbucl 
035 |a (uuid)c5868e63-f867-4cee-b828-990df2b181e9 
035 |a urn:nbn:sk:snk-abev8q 
035 |a (urnnbn)urn:nbn:sk:snk:ar-000jnh 
038 |a SNKBUCL 
040 |a SNKBUCL  |b slo  |c SNKBUCL  |e AACR2 
041 0 |a slo 
044 |a xo  |c SK 
080 |a 82:101  |x (048)  |2 2001 
080 |a 821.162.4:101  |x (048)  |2 2001 
080 |a 82(091):821.162.4  |x "19"  |x (048)  |2 2001 
080 |a 821.162.4(091)  |x "19"  |x (048)  |2 2001 
080 |a 82.033:821.162.4-3  |x (048)  |2 2001 
080 |a 821.162.4-3.033  |x (048)  |2 2001 
100 1 |a Gallik, Ján,  |d 1983-  |4 aut  |9 151444 
245 1 0 |a Marcela Antošová: Dominik Tatarka v kontexte existencializmu  |c Ján Gallik 
600 1 7 |a Tatarka, Dominik,  |d 1913-1989  |2 snkbucl  |9 100832 
648 7 |a 20. stor.  |2 snkbucl  |9 275975 
650 0 7 |a literatúra a filozofia  |2 snkbucl  |9 28843 
650 0 7 |a existencializmus v literatúre  |2 snkbucl  |9 85534 
650 0 7 |a slovenská literatúra  |2 snkbucl  |9 1115 
650 0 7 |a slovenská poézia  |2 snkbucl  |9 215422 
650 0 7 |a monografie  |2 snkbucl  |9 256509 
655 7 |a recenzie  |2 snkbucl  |9 21907 
773 0 |t Slovenské pohľady  |g Roč. IV.+128., č. 1 (2012), s. 137-138  |x 1335-7786 
787 0 8 |i Rec.:  |a Antošová, Marcela, 1976-  |t Dominik Tatarka v kontexte existencializmu  |d Nitra : Univerzita Konštantína Filozofa, 2011  |z 9788080946227 
850 |a Slovenská národná knižnica 
852 |a Slovenská národná knižnica 
958 |a article27 
958 |a LX 
958 |a SK 
958 |a RC 
958 |a OND 
958 |a EUIPO 
999 |c 3036643  |d 3038573